| 000 | 00416nam a22001457a 4500 | ||
|---|---|---|---|
| 999 |
_c2179 _d2179 |
||
| 008 | 200214b ||||| |||| 00| 0 eng d | ||
| 082 | 0 | 0 |
_a929.92 _bA7913 |
| 110 |
_91706 _aAnglo French Limited Services |
||
| 245 | 1 | 0 |
_aVlaggen Flags Drapeaux Die Flaggen _cby Anglo French Limited Services |
| 260 |
_aHolland _bAnglo French Limited Services _c1951 |
||
| 300 | _a63p. | ||
| 365 | _d3.12 | ||
| 650 | 0 | _aFlag | |
| 942 | _cBK | ||